<?xml version="1.0" encoding="UTF-8"?>
<marc:record xmlns:marc="http://www.loc.gov/MARC21/slim">
   <marc:leader>00000nam a2200000 a 4500</marc:leader>
   <marc:datafield ind1="1" ind2=" " tag="100">
      <marc:subfield code="a">Schwabeneder, Mathilde</marc:subfield>
      <marc:subfield code="4">aut</marc:subfield>
      <marc:subfield code="e">Verfasser/-in</marc:subfield>
   </marc:datafield>
   <marc:datafield ind1=" " ind2=" " tag="653">
      <marc:subfield code="a">Mafia</marc:subfield>
   </marc:datafield>
   <marc:datafield ind1="0" ind2="0" tag="245">
      <marc:subfield code="a">Die Stunde der Patinnen</marc:subfield>
   </marc:datafield>
   <marc:datafield ind1="0" ind2="0" tag="245">
      <marc:subfield code="b">Frauen an der Spitze der Mafia-Clans</marc:subfield>
   </marc:datafield>
   <marc:datafield ind1="0" ind2="0" tag="245">
      <marc:subfield code="c">Mathilde Schwabeneder</marc:subfield>
   </marc:datafield>
   <marc:datafield ind1=" " ind2="1" tag="264">
      <marc:subfield code="a">Graz [u.a.]</marc:subfield>
      <marc:subfield code="b">Verl. Styria Premium</marc:subfield>
      <marc:subfield code="c">2014</marc:subfield>
   </marc:datafield>
   <marc:datafield ind1="1" ind2=" " tag="520">
      <marc:subfield code="a">Modernität und Emanzipation machen auch vor dem organisierten Verbrechen nicht Halt. Als ihre Brüder verhaftet werden, übernimmt Giusy Vitale das Kommando im sizilianischen Familienclan. Sie wird Herrin über Leben und Tod und als erste Frau wegen Vergehens gegen den Mafiaparagrafen von der Staatsanwaltschaft Palermo angeklagt. Nunzia Graviano führt die Mafia-Geschäfte im sicheren Frankreich und wäscht schmutziges Geld mit harter Hand rein. Anna Mazza, die schwarze Witwe der Camorra, erweitert das Reich der</marc:subfield>
   </marc:datafield>
   <marc:datafield ind1=" " ind2=" " tag="020">
      <marc:subfield code="a">9783222134616</marc:subfield>
      <marc:subfield code="9">9783222134616</marc:subfield>
   </marc:datafield>
   <marc:datafield ind1=" " ind2=" " tag="020">
      <marc:subfield code="a">3222134618</marc:subfield>
      <marc:subfield code="9">3222134618</marc:subfield>
   </marc:datafield>
   <marc:datafield ind1=" " ind2=" " tag="300">
      <marc:subfield code="a">271 S. : Ill., graph. Darst.</marc:subfield>
   </marc:datafield>
</marc:record>
